| 000 | 00504nam a22001817a 4500 | ||
|---|---|---|---|
| 005 | 20240327105420.0 | ||
| 008 | 240327b |||||||| |||| 00| 0 eng d | ||
| 020 | _a9780132370455 | ||
| 082 |
_a005.73 _bCAR-D |
||
| 100 | _aCarrano, Frank M. | ||
| 245 |
_aData structures and abstractions with java / _cFrank M.Carrano |
||
| 250 | _a2nd ed. | ||
| 260 |
_aindia: _bPearson; _c2007. |
||
| 300 |
_a998 p. : _bill; _c23 cm. |
||
| 500 | _ainclude index. | ||
| 650 | _acomputer science/Database | ||
| 999 |
_c35484 _d35484 |
||